Catálogo
 En Linea

Memoria. / (Registro nro. 28092)

Detalles MARC
000 -CABECERA
campo de control de longitud fija 01354nam a2200253 i 4500
001 - NÚMERO DE CONTROL
campo de control 000028600
003 - IDENTIFICADOR DEL NÚMERO DE CONTROL
campo de control DO-SdBNP
005 - FECHA Y HORA DE LA ÚLTIMA TRANSACCIÓN
campo de control 20230918113409.0
006 - CÓDIGOS DE INFORMACIÓN DE LONGITUD FIJA--CARACTERÍSTICAS DEL MATERIAL ADICIONAL
campo de control de longitud fija a||||gr|||| 00| 0
007 - CAMPO FIJO DE DESCRIPCIÓN FÍSICA--INFORMACIÓN GENERAL
campo de control de longitud fija ta
008 - DATOS DE LONGITUD FIJA--INFORMACIÓN GENERAL
campo de control de longitud fija 110411s1945 dr c 000 0 spa d
040 ## - FUENTE DE LA CATALOGACIÓN
Centro catalogador/agencia de origen DO-SdBNP
Lengua de catalogación spa
Centro/agencia transcriptor BNPHU
Normas de descripción rda
082 #4 - NÚMERO DE LA CLASIFICACIÓN DECIMAL DEWEY
Número de documento/Ítem C749e
Número de edición 22
111 2# - ENTRADA PRINCIPAL--NOMBRE DE CONGRESO/REUNIÓN
Nombre de congreso/reunión o jurisdicción como elemento de entrada Congreso de Estudiantes Normalistas Dominicanos
Número del congreso/reunión o número de parte o sección (1a. :
Fecha del congreso/reunión 1945:
Sede del congreso/Lugar de la reunión La Vega, República Dominicana)
9 (RLIN) 55552
Término indicativo de función/relación autor
245 10 - MENCIÓN DE TÍTULO
Título Memoria. /
264 ## - PRODUCCIÓN, PUBLICACIÓN, DISTRIBUCIÓN, FABRICACIÓN Y COPYRIGHT
Producción, publicación, distribución, fabricación y copyright La Vega, República Dominicana :
Nombre del de productor, editor, distribuidor, fabricante La Nación,
Fecha de producción, publicación, distribución, fabricación o copyright 1945
300 ## - DESCRIPCIÓN FÍSICA
Extensión 169 páginas :
Otras características físicas Ilustraciones, retrato. ;
Dimensiones 21 cm.
336 ## - TIPO DE CONTENIDO
Fuente rdacontent
Término de tipo de contenido texto
Código de tipo de contenido txt
337 ## - TIPO DE MEDIO
Fuente rdamedia
Nombre/término del tipo de medio sin mdiación
Código del tipo de medio n
338 ## - TIPO DE SOPORTE
Fuente rdacarrier
Nombre/término del tipo de soporte volumen
Código del tipo de soporte nc
505 ## - NOTA DE CONTENIDO CON FORMATO
Nota de contenido con formato Liminar.
Título La iniciativa.-- Agenda.-- Reglamento.-- Programa.-- Relación de los delegados.-- Presidencia del Congreso.-- comisiones.-- Discursos de la sesión inaugural. / Eliseo de Peña Durán. / Mercedes Herrera Montás. / José Alejandro Hernández. / Carlos Bienvenido Montás. / Juan Bautista Santos.-- Mensaje al Presidente Trujillo.-- Resumen de las sesiones y de los actos del Congreso.-- Huéspedes Distinguidos.-- Resolución del Congreso Normalista.-- Discurso de clausura por José Ramón Hernández Lebrón-- Temas y autores de las mociones.-- Acto final.
590 ## - NOTA LOCAL (RLIN)
Nota local Inventariado 2023 / MF
942 ## - ELEMENTOS DE PUNTO DE ACCESO ADICIONAL (KOHA)
Fuente del sistema de clasificación o colocación Dewey Decimal Classification
Tipo de ítem Koha Libro
Existencias
Estado de retiro Estado de pérdida Fuente del sistema de clasificación o colocación Restricciones de uso No para préstamo Código de colección Localización permanente Ubicación/localización actual Ubicación en estantería Fecha de adquisición Fuente de adquisición Total de préstamos Signatura topográfica completa Código de barras Fecha visto por última vez Precio válido a partir de Tipo de ítem Koha Número de copia
  Extraviado Dewey Decimal Classification Excluido de préstamo   Raros y valiosos Biblioteca Nacional Pedro Henríquez Ureña Biblioteca Nacional Pedro Henríquez Ureña Depósito 20.07.2011 Pertenececió a la bilbioteca personl de Martínez Boog.   C749e 28600-10 25.06.2020 25.06.2020 Libro  
    Dewey Decimal Classification Excluido de préstamo   Patrimonio Dominicano Raros y Valiosos Biblioteca Nacional Pedro Henríquez Ureña Biblioteca Nacional Pedro Henríquez Ureña En catalogación 14.12.2014 Donado por Barbara Suncar   C749e 2023-5909 14.09.2023 14.09.2023 Libro e.2

Con tecnología Koha